000 00969nam a2200253 4500
008 090401s2008 si a b 000 0 eng
020 _a9789814222426 :Sing20/USD13.33/Php420
020 _a9814222429
090 _aBX8315
_bL36
_b2008
100 1 _aLau, Earnest.
245 1 0 _aFrom mission to church :
_bthe evolution of the Methodist Church in Singapore and Malaysia, 1885-1976 /
_cEarnest Lau.
260 _aSingapore :
_bGenesis Books,
_cc2008.
300 _axvii, 300 p. :
_bill. ;
_c22 cm.
504 _aIncludes bibliographical references (p. [297]-300).
650 4 _aMethodist Church
_zMalaysia
_xHistory.
650 4 _aMethodist Church
_zSingapore
_xHistory.
650 4 _aMissionaries
_zMalaysia
_xHistory.
650 4 _aMissionaries
_zSingapore
_xHistory.
651 4 _aMalaysia
_xChurch history.
651 4 _aSingapore
_xChurch history.
951 _p32788
_x00037624
_oBX8315/L36/2008
_j090401122605309
_d2000-12-21
_cGC
942 0 0 _01
999 _c33004
_d33004